000
00273nam a2200121Ia 4500
100
_a
Motor Vehicles Dept.
942
_c
RB
245
_a
Basic Road Transport Statisties
260
_b
Maharashtra Govt.
_a
Bombay
_c
1986
082
_a
388.3
300
_a
96
546
_a
ENGLISH
999
_c
29143
_d
29143